Vista normal
Vista MARC
Entrada Nombre personal
Número de registros utilizados en: 25
001 - NÚMERO DE CONTROL
- Campo de control: 6655
003 - IDENTIFICADOR DE NÚMERO DE CONTROL
- Campo de control: ES-MaCES
005 - FECHA Y HORA DE LA ULTIMA MODIFICACION
- Campo de control: 20010226113900.0
008 - ELEMENTOS DE DATOS DE LONGITUD FIJA
- Campo de longitud fija: 010226 | azznnaabn |n aaa d
035 ## - NÚMERO DE CONTROL DEL SISTEMA
- Número de control del sistema: CES20010000640n
040 ## - FUENTE DE LA CATALOGACIÓN
- Agencia original de catalogación: ES-MaCES
- Idioma de catalogación: spa
- Agencia de transcripción: ES-MaCES
100 1# - ENCABEZAMIENTO--NOMBRE DE PERSONA
- Nombre personal: Arufe Varela, Alberto
901 ## - CES. DATOS SIRTEX
- ID Sirtex (N5N8): 0001500011016
- 005BIS Sirtex: 200102261139ALORITE

